|
|
|
|
| LEADER |
01256nam a22002417a 4500 |
| 003 |
GR-PaULI |
| 005 |
20240711100907.0 |
| 008 |
190125s2015 gr ||||g b||| 00| 0 gre d |
| 952 |
|
|
|0 0
|1 0
|2 ddc
|4 0
|6 791_542000000000000_ΠΟΥ
|7 0
|9 229471
|a THST
|b THST
|d 2019-01-25
|i 014938
|l 0
|o 791.542 ΠΟΥ
|p 025000259824
|r 2019-01-25 00:00:00
|t 1
|v 2019.00
|w 2019-01-25
|y BK15
|
| 999 |
|
|
|c 139319
|d 139319
|
| 020 |
|
|
|a 9789607266804
|
| 040 |
|
|
|a GR-PaULI
|b gre
|c GR-PaULI
|e AACR2
|
| 082 |
0 |
4 |
|2 23
|a 791.542
|
| 100 |
1 |
|
|a Πουλάκης, Νίκος
|e συγγραφέας
|9 173454
|
| 245 |
1 |
0 |
|a Μουσικολογία και κινηματογράφος :
|b κριτικές προσεγγίσεις στη μουσική των σύγχρονων ελληνικών ταινιών /
|c Νίκος Πουλάκης.
|
| 260 |
|
|
|a Αθήνα :
|b Orpheus,
|c 2015.
|
| 300 |
|
|
|a 149 σ. ;
|c 22
|
| 504 |
|
|
|6 Περιλαμβάνει βιβλιογραφία.
|
| 650 |
|
4 |
|9 161356
|a Κινηματογραφική μουσική
|z Ελλάδα
|
| 650 |
|
0 |
|a Κινηματογραφικές ταινίες
|x Ιστορία και κριτική.
|z Ελλάδα
|9 15298
|
| 650 |
|
4 |
|a Μουσική
|x Φιλοσοφία και αισθητική
|9 7293
|
| 942 |
|
|
|2 ddc
|c BK15
|
| 998 |
|
|
|c ΜΑΝΙΑ
|d 2019-01
|